Agents Rainbow 6 par ordre alphabétique - Statistiques

Statistiques générales
  • Ce quiz a été pris 97 fois
    9 depuis la dernière actualisation
  • Le résultat moyen est 11 sur 77
Statistiques - réponses
Lettre Réponse % Correct
Amaru
50%
A Ace
25%
Alibi
25%
Aruni
25%
Ash
25%
Azami
25%
B Bandit
25%
Blackbeard
25%
Blitz
25%
Brava
25%
Buck
25%
C Capitão
25%
Castle
25%
Caveira
25%
Clash
25%
D Deimos
25%
Denari
25%
Doc
25%
Dokkaebi
25%
E Echo
25%
Ela
25%
F Fenrir
25%
Finka
25%
Flores
25%
Frost
25%
Fuze
25%
G Glaz
25%
Goyo
25%
Gridlock
25%
Grim
25%
H Hibana
25%
I Iana
25%
IQ
25%
J Jackal
25%
Jäger
25%
Kali
25%
Kapkan
25%
Lion
25%
M Maestro
25%
Skopos
25%
Twitch
25%
Vigil
25%
Y Ying
25%
Zofia
25%
K Kaid
0%
L Lesion
0%
Maverick
0%
Melusi
0%
Mira
0%
Montagne
0%
Mozzie
0%
Mute
0%
N Nokk
0%
Nomad
0%
O Oryx
0%
Osa
0%
P Pulse
0%
R Ram
0%
Rauora
0%
Rook
0%
S Sens
0%
Sentry
0%
Sledge
0%
Smoke
0%
Solid Snake
0%
Solis
0%
Striker
0%
T Tachanka
0%
Thatcher
0%
Thermite
0%
Thorn
0%
Thunderbird
0%
Tubarão
0%
V Valkyrie
0%
W Wamai
0%
Warden
0%
Z Zero
0%
Aucun quiz correspondant
Distribution des résultats
% des personnes avec chaque résultat
Percentile par nombre de réponses
Votre historique - résultats
Vous n’avez pas pris ce quiz depuis la dernière actualisation